LEADER 01153nam a2200253 i 4500 001 000000183669 003 CaOOAMICUS 005 20091124000000.0 008 091124s1983 be u000 u eng u 013 $a161637 040 $aSeMil$bita 100 1 $aStaal, Harvey.$0(OLS)http://semarc/name/10081 245 10$a[Versio]. 300 $aIX, 262 p. 490 0 $aCorpus Scriptorum Christianorum Orientalium ;$v453. Scriptores Arabici ; 41 490 0 $aCorpus Scriptorum Christianorum Orientalium. Scriptores Arabici ;$vTomus41 773 0 $tMt. Sinai Arabic codex 151.$dLovanii : In aedibus Peeters, [198?]$g1$w()22519 773 0 $aStaal, Harvey$tPauline Epistles.$dLovanii : In aedibus Peeters, 1983.$w()22520 830 0$aCorpus Scriptorum Christianorum Orientalium ;$v453. Scriptores Arabici ; 41.$0(OLS)http://semarc/title/77 830 0$aCorpus Scriptorum Christianorum Orientalium. Scriptores Arabici ;$vTomus41.$0(OLS)http://semarc/title/29265 850 $aSeMil 852 $aSeMil$W1$xVenegono$y1$m2S III 453$j134369$B134369$CSeMilBibl$Z2$F145993 $81 961 $aOmaggio: Altro 996 $6245$a[Versio]$9(OLS)http://semarc/title/46822 LEADER 00410nab a2200145 i 4500 001 000000290675 003 CaOOAMICUS 005 20180831165450.0 008 180831n xx uu u0 0und r 013 $a45767 040 $aSeMil$bita 245 10$a[vedi periodico]. 500 $aMars-Avril 2017. 773 0 $tChoc Luther.$dParis : Malesherbes, 2017.$w()253281 996 $6245$a[vedi periodico]$9(OLS)http://semarc/title/309439